[Event "Bogota Empresas op"]
[Site "Bogota"]
[Date "2024.05.19"]
[Round "4"]
[White "Ordonez Gonzalez, Gabriel"]
[Black "Martinez Mejia, Jorge Hernan"]
[Result "1-0"]
[WhiteElo "1966"]
[BlackElo "1815"]
[PlyCount "83"]
[EventDate "2024.05.19"]
[EventType "swiss"]
[EventRounds "7"]
[EventCountry "COL"]
[SourceTitle "CB21_2024"]
[SourceDate "2024.05.22"]
[SourceVersion "1"]
[SourceVersionDate "2024.05.22"]
[SourceQuality "1"]

1. c4 c5 2. Nc3 Nc6 3. g3 g6 4. Bg2 Bg7 5. d3 Nf6 6. e4 d6 7. Nge2 0-0 8. 0-0 e5 9. h3 Be6 10. f4 Qd7 11. Kh2 Qc8 12. Be3 exf4 13. Nxf4 Nd4 14. Qd2 Rb8 15. Rae1 Re8 16. Bxd4 cxd4 17. Nb5 Qd7 18. Qb4 Red8 19. Nxe6 fxe6 20. Nxa7 Ra8 21. Nb5 Rxa2 22. Ra1 Rxa1 23. Rxa1 e5 24. Ra7 Qc6 25. Qa5 b6 26. Qa6 Rb8 27. Rc7 Qa8 28. Qxa8 Rxa8 29. Rb7 Ra2 30. Rxb6 Rxb2 31. Rxd6 Rd2 32. c5 Ne8 33. Rd8 Kf7 34. c6 Rc2 35. Rd7+ Ke6 36. Rd8 Ke7 37. Rc8 Nd6 38. Rc7+ Ke6 39. Nxd6 Kxd6 40. Rxg7 Kxc6 41. Kg1 Rc1+ 42. Bf1 1-0

[Event "Bogota El Tablazo op-A"]
[Site "Bogota"]
[Date "2022.06.25"]
[Round "5"]
[White "Mogollon Tobar, Nicolle Juliet"]
[Black "Ordonez Gonzalez, Gabriel"]
[Result "1-0"]
[WhiteElo "1997"]
[BlackElo "1956"]
[PlyCount "79"]
[EventDate "2022.06.23"]
[EventType "swiss"]
[EventRounds "10"]
[EventCountry "COL"]
[SourceTitle "EXT 2023"]
[Source "ChessBase"]
[SourceDate "2022.10.05"]
[SourceVersion "1"]
[SourceVersionDate "2022.10.05"]
[SourceQuality "1"]

1. e4 c5 2. Nf3 e6 3. d4 cxd4 4. Nxd4 Nf6 5. Nc3 d6 6. Be3 a6 7. f3 Be7 8. Qd2 Nc6 9. g4 Qc7 10. 0-0-0 0-0 11. Kb1 b5 12. Nxc6 Qxc6 13. Ne2 d5 14. Nd4 Qc7 15. e5 Nd7 16. f4 Bb7 17. h4 Nc5 18. h5 Ne4 19. Qh2 b4 20. g5 Bc5 21. g6 Qb6 22. gxh7+ Kh8 23. Ka1 a5 24. Rg1 Kxh7 25. f5 exf5 26. Bh3 Bc8 27. Qf4 Bxd4 28. Bxf5+ Bxf5 29. Qxf5+ Kh8 30. Bxd4 Qe6 31. Qf3 Rac8 32. Rg2 a4 33. Rdg1 g5 34. hxg6 fxg6 35. Qe3 g5 36. Rh1+ Kg7 37. Rxg5+ Nxg5 38. Qxg5+ Kf7 39. Rh6 Rc6 40. Rxe6 1-0

[Event "Bogota El Tablazo op"]
[Site "Bogota"]
[Date "2021.11.07"]
[Round "6"]
[White "Arandia la Rosa, Eduardo Jose"]
[Black "Ordonez Gonzalez, Gabriel"]
[Result "1-0"]
[WhiteElo "1939"]
[BlackElo "1963"]
[PlyCount "89"]
[EventDate "2021.11.04"]
[EventType "swiss"]
[EventRounds "7"]
[EventCountry "COL"]
[SourceTitle "CBM 205 Extra"]
[Source "ChessBase"]
[SourceDate "2022.01.31"]
[SourceVersion "1"]
[SourceVersionDate "2022.01.31"]
[SourceQuality "1"]

1. d4 Nf6 2. c4 g6 3. Nf3 Bg7 4. Nc3 d6 5. e4 0-0 6. Be2 Nc6 7. 0-0 e5 8. dxe5 dxe5 9. Qxd8 Rxd8 10. Bg5 Be6 11. Nd5 Bxd5 12. cxd5 Nd4 13. Nxd4 exd4 14. Rac1 Rd7 15. Bb5 Re7 16. Bd3 h6 17. Bxf6 Bxf6 18. f4 Bg7 19. Rc4 Rd8 20. Rfc1 Rdd7 21. Rb4 c6 22. dxc6 bxc6 23. Rxc6 Rc7 24. Rbc4 Rxc6 25. Rxc6 Rb7 26. b3 Bf8 27. Kf2 Kg7 28. Ke2 Bb4 29. Bc4 a5 30. Kd3 Bc3 31. g4 a4 32. Bd5 axb3 33. Bxb3 g5 34. f5 Bb2 35. e5 Rb5 36. f6+ Kh7 37. Kc4 Rb8 38. Rc7 Kg8 39. Kd3 Rf8 40. a4 Bc3 41. Ra7 Be1 42. a5 h5 43. gxh5 g4 44. a6 Bf2 45. Rxf7 1-0

[Event "Bogota El Tablazo op"]
[Site "Bogota"]
[Date "2021.11.04"]
[Round "1"]
[White "Ordonez Gonzalez, Gabriel"]
[Black "Gallo, Marco"]
[Result "1-0"]
[WhiteElo "1963"]
[BlackElo "1401"]
[PlyCount "53"]
[EventDate "2021.11.04"]
[EventType "swiss"]
[EventRounds "7"]
[EventCountry "COL"]
[SourceTitle "CBM 205 Extra"]
[Source "ChessBase"]
[SourceDate "2022.01.31"]
[SourceVersion "1"]
[SourceVersionDate "2022.01.31"]
[SourceQuality "1"]

1. c4 Nf6 2. Nc3 c5 3. g3 e6 4. e4 d5 5. e5 d4 6. Nb1 Nfd7 7. f4 Nc6 8. d3 h5 9. Nd2 Qa5 10. Bg2 h4 11. Bxc6 bxc6 12. Qf3 Bb7 13. g4 g5 14. Nh3 gxf4 15. Qxf4 Bg7 16. 0-0 Nxe5 17. Nb3 Qb6 18. Bd2 a5 19. Rae1 Rf8 20. Rxe5 Bxe5 21. Qxe5 a4 22. Nxc5 0-0-0 23. Nxa4 Qa7 24. Ba5 Ba8 25. Bb6 Qe7 26. Bc5 Qb7 27. Nb6+ 1-0

[Event "Manizales Las Americas blitz op"]
[Site "Manizales"]
[Date "2021.10.23"]
[Round "8"]
[White "Ordonez Gonzalez, Gabriel"]
[Black "Barrera Caicedo, Hubert Steven"]
[Result "1-0"]
[WhiteElo "2006"]
[BlackElo "1941"]
[PlyCount "62"]
[EventDate "2021.10.23"]
[EventType "swiss (blitz)"]
[EventRounds "11"]
[EventCountry "COL"]
[SourceTitle "CBM 205 Extra"]
[Source "ChessBase"]
[SourceDate "2022.01.31"]
[SourceVersion "1"]
[SourceVersionDate "2022.01.31"]
[SourceQuality "1"]

1. c4 c5 2. Nc3 e6 3. g3 Nc6 4. Bg2 Nf6 5. d3 Be7 6. e4 d6 7. Nge2 0-0 8. 0-0 a6 9. h3 Rb8 10. a4 Qc7 11. Be3 Nb4 12. b3 Bd7 13. d4 cxd4 14. Nxd4 Rfd8 15. Qd2 Nc6 16. f4 Nxd4 17. Bxd4 Bc6 18. Rac1 Rbc8 19. Qe3 Qb8 20. a5 Bf8 21. g4 Nd7 22. h4 Nc5 23. Ne2 Qc7 24. b4 Nd7 25. Nc3 Nb8 26. Bb6 Qe7 27. Bxd8 Rxd8 28. g5 g6 29. b5 Be8 30. Rfe1 Bg7 31. Qd3 Nd7 1-0

[Event "Soacha op-A"]
[Site "Soacha"]
[Date "2021.09.11"]
[Round "7"]
[White "Sanchez Alvares, Kelvin Antonio"]
[Black "Ordonez Gonzalez, Gabriel"]
[Result "1/2-1/2"]
[WhiteElo "2217"]
[BlackElo "1909"]
[PlyCount "51"]
[EventDate "2021.09.08"]
[EventType "swiss"]
[EventRounds "10"]
[EventCountry "COL"]
[SourceTitle "CBM 204 Extra"]
[Source "ChessBase"]
[SourceDate "2021.11.30"]
[SourceVersion "1"]
[SourceVersionDate "2021.11.30"]
[SourceQuality "1"]

1. d4 Nf6 2. c4 g6 3. Nc3 Bg7 4. e4 d6 5. Nf3 0-0 6. Be2 Na6 7. Bg5 c5 8. d5 h6 9. Bf4 Nc7 10. h3 a6 11. a4 b6 12. 0-0 Bd7 13. e5 Nfe8 14. Qd2 Kh7 15. Bd3 dxe5 16. Nxe5 Nd6 17. Rae1 b5 18. axb5 axb5 19. cxb5 Ncxb5 20. Nxd7 Qxd7 21. Nxb5 Nxb5 22. Bxb5 Qxb5 23. Rxe7 Qxb2 24. Bxh6 Qxd2 25. Bxd2 Rad8 26. Rc7 1/2-1/2

[Event "Feria de las Flores 28th"]
[Site "Medellin"]
[Date "2021.08.08"]
[Round "8"]
[White "Ordonez Gonzalez, Gabriel"]
[Black "Rueda Rojas, Richard Alejandro"]
[Result "1/2-1/2"]
[WhiteElo "1899"]
[BlackElo "1247"]
[PlyCount "81"]
[EventDate "2021.08.04"]
[EventType "swiss"]
[EventRounds "9"]
[EventCountry "COL"]
[SourceTitle "EXT 2022"]
[Source "ChessBase"]
[SourceDate "2021.10.06"]
[SourceVersion "1"]
[SourceVersionDate "2021.10.06"]
[SourceQuality "1"]

1. c4 Nf6 2. g3 g6 3. Bg2 Bg7 4. e4 d6 5. Ne2 Nc6 6. d4 e5 7. d5 Ne7 8. 0-0 0-0 9. Nbc3 Ne8 10. f4 f5 11. Be3 h6 12. h3 fxe4 13. fxe5 Nf5 14. Qd2 dxe5 15. Nxe4 Ned6 16. Nxd6 Nxe3 17. Nxb7 Nxc4 18. Nxd8 Nxd2 19. Rxf8+ Bxf8 20. d6 Rb8 21. dxc7 Rxb2 22. Bd5+ Kg7 23. Be6 Bc5+ 24. Kg2 Ne4 25. Re1 Bf2 26. Bxc8 Bxe1 27. Ba6 Nd6 28. Nb7 Nc8 29. Kf1 Rb6 30. Nc5 Bb4 31. Bxc8 Rf6+ 32. Kg2 Bxc5 33. Ba6 Rf2+ 34. Kh1 Rf1+ 35. Kh2 Rf2+ 36. Kh1 Rf1+ 37. Ng1 Rxg1+ 38. Kh2 Rc1 39. c8Q Bg1+ 40. Kg2 Rxc8 41. Bxc8 1/2-1/2

[Event "Feria de las Flores 28th"]
[Site "Medellin"]
[Date "2021.08.05"]
[Round "2"]
[White "Ordonez Gonzalez, Gabriel"]
[Black "Ortiz Monsalve, Sebastian"]
[Result "1-0"]
[WhiteElo "1899"]
[BlackElo "1459"]
[PlyCount "75"]
[EventDate "2021.08.04"]
[EventType "swiss"]
[EventRounds "9"]
[EventCountry "COL"]
[SourceTitle "EXT 2022"]
[Source "ChessBase"]
[SourceDate "2021.10.06"]
[SourceVersion "1"]
[SourceVersionDate "2021.10.06"]
[SourceQuality "1"]

1. c4 e5 2. Nc3 Nf6 3. g3 d5 4. cxd5 Nxd5 5. Bg2 Nb6 6. Nf3 Nc6 7. a3 Be7 8. b4 a6 9. 0-0 0-0 10. d3 f5 11. Qb3+ Kh8 12. Be3 Re8 13. Rac1 Bd6 14. Ng5 Rf8 15. Nf7+ Rxf7 16. Qxf7 Ne7 17. Bxb6 cxb6 18. Nd5 Ng6 19. Nxb6 Be6 20. Qxe6 Qxb6 21. Rc8+ Rxc8 22. Qxc8+ Bf8 23. Qxb7 Qf6 24. a4 f4 25. b5 axb5 26. axb5 h5 27. Qc6 Qg5 28. b6 h4 29. b7 hxg3 30. b8Q Nh4 31. Qxf8+ Kh7 32. Be4+ Ng6 33. Bxg6+ Qxg6 34. Qh8+ Kxh8 35. Qxg6 gxh2+ 36. Kxh2 Kg8 37. Ra1 Kf8 38. Ra7 1-0

[Event "COL-ch Amateur U2000"]
[Site "Paipa"]
[Date "2020.02.27"]
[Round "2"]
[White "Martinez Paipa, Hernan"]
[Black "Ordonez Gonzalez, Gabriel"]
[Result "1/2-1/2"]
[WhiteElo "1719"]
[BlackElo "1926"]
[PlyCount "53"]
[EventDate "2020.02.26"]
[EventType "swiss"]
[EventRounds "9"]
[EventCountry "COL"]
[SourceTitle "CBM 195 Extra"]
[Source "ChessBase"]
[SourceDate "2020.05.31"]
[SourceVersion "1"]
[SourceVersionDate "2020.05.31"]
[SourceQuality "1"]

1. e4 c5 2. Nc3 Nc6 3. f4 e6 4. Nf3 a6 5. a4 b6 6. Bc4 Bb7 7. d3 Qc7 8. 0-0 Be7 9. Qe1 0-0-0 10. Bd2 f6 11. f5 Nd4 12. Nxd4 cxd4 13. Ne2 e5 14. c3 dxc3 15. Nxc3 Bc5+ 16. Kh1 Ne7 17. Rc1 Kb8 18. b4 Bd4 19. Ne2 Qd6 20. Nxd4 Qxd4 21. Be3 Qd6 22. Qf2 Nc8 23. a5 b5 24. Bc5 Qc7 25. Bd5 Bc6 26. Bxc6 dxc6 27. Rc3 1/2-1/2

[Event "Medellin Aristizabal Cup"]
[Site "Medellin"]
[Date "2020.01.31"]
[Round "3"]
[White "Zapata Cuartas, Juan Carlos"]
[Black "Ordonez Gonzalez, Gabriel"]
[Result "1/2-1/2"]
[WhiteElo "2125"]
[BlackElo "1926"]
[PlyCount "89"]
[EventDate "2020.01.29"]
[EventType "swiss"]
[EventRounds "7"]
[EventCountry "COL"]
[SourceTitle "CBM 194 Extra"]
[Source "ChessBase"]
[SourceDate "2020.03.31"]
[SourceVersion "1"]
[SourceVersionDate "2020.03.31"]
[SourceQuality "1"]

1. d4 Nf6 2. c4 g6 3. Nc3 Bg7 4. e4 d6 5. Nf3 0-0 6. Be2 e5 7. 0-0 Nc6 8. d5 Ne7 9. Ne1 Ne8 10. Be3 f5 11. f3 f4 12. Bf2 h5 13. Nd3 g5 14. c5 Kh8 15. a4 Ng8 16. a5 Nh6 17. c6 bxc6 18. dxc6 g4 19. Nd5 Be6 20. N3b4 Rg8 21. Ra3 g3 22. hxg3 Bf6 23. gxf4 Bh3 24. g3 Bxf1 25. Bxf1 exf4 26. Nxf4 Bxb2 27. Bd4+ Bxd4+ 28. Qxd4+ Kh7 29. Ne2 Rb8 30. Nd5 Qh4 31. f4 Rb1 32. Qd3 Rxf1+ 33. Kxf1 Qh1+ 34. Ng1 Ng4 35. Ne3 Nh2+ 36. Kf2 h4 37. e5+ Kh8 38. Qf5 hxg3+ 39. Ke2 Qxg1 40. Qh5+ Kg7 41. Nf5+ Kf8 42. Qh6+ Rg7 43. Rxg3 Qf1+ 44. Kd2 Qf2+ 45. Kd1 1/2-1/2